"STUDENT'S GUIDE TO INCOME TAX: B.COM./C.A.(INTER),1993" (Record no. 477370)

MARC details
000 -LEADER
fixed length control field 00564nam a2200193Ia 4500
008 - FIXED-LENGTH DATA ELEMENTS--GENERAL INFORMATION
fixed length control field 100315s9999 xx 000 0 und d
020 ## - INTERNATIONAL STANDARD BOOK NUMBER
International Standard Book Number 81-7194-70-6 
082 ## - DEWEY DECIMAL CLASSIFICATION NUMBER
Item number 2635 
100 ## - MAIN ENTRY--PERSONAL NAME
Personal name "SINGHANIA, VINOD KUMAR "
245 ## - TITLE STATEMENT
Title "STUDENT'S GUIDE TO INCOME TAX: B.COM./C.A.(INTER),1993"
260 ## - PUBLICATION, DISTRIBUTION, ETC. (IMPRINT)
Date of publication, distribution, etc
300 ## - PHYSICAL DESCRIPTION
Extent "XV,531P  "
365 ## - TRADE PRICE
Unit of pricing
Price amount 0.00 
366 ## - TRADE AVAILABILITY INFORMATION
Publishers' discount category
530 ## - ADDITIONAL PHYSICAL FORM AVAILABLE NOTE
Availability source -  
630 ## - SUBJECT ADDED ENTRY--UNIFORM TITLE
Uniform title "STUDENT'S GUIDE TO INCOME TAX: B.COM./C.A.(INTER),1993"
730 ## - ADDED ENTRY--UNIFORM TITLE
Uniform title "STUDENT'S GUIDE TO INCOME TAX: B.COM./C.A.(INTER),1993"
942 ## - ADDED ENTRY ELEMENTS (KOHA)
Koha item type Book
Holdings
Withdrawn status Lost status Damaged status Not for loan Home library Current library Date acquired Cost, normal purchase price Total Checkouts Full call number Barcode Date last seen Price effective from Koha item type
        Dr. V. N. Bedekar Institute of Management Studies Library Dr. V. N. Bedekar Institute of Management Studies Library 01/01/1900 0.00    /  2635  VPMBRIMS-2635  03/19/2010 03/19/2010 Book